| 000 | 00833nam a22002657a 4500 | ||
|---|---|---|---|
| 001 | 8825 | ||
| 003 | FISKH | ||
| 005 | 20251022091637.0 | ||
| 008 | 251022b cb ||||| |||| 00| 0 eng d | ||
| 020 | _a9781423102779 | ||
| 040 |
_aFISKH _beng _cFISKH _dFISKH |
||
| 050 | _aPZ7 .K | ||
| 082 | _a813.6 | ||
| 100 |
_aKing, M. C. _eAuthor |
||
| 245 |
_aTruth or dare : _bHannah Montana / _cAdapted by M. C. King |
||
| 260 |
_aNew York : _bDisney Enterprises , _c2007 |
||
| 300 |
_a126 pages : _bcolor illustrations ; _c20 cm |
||
| 505 | _aR | ||
| 520 | _aWhen an e-mail from a girl at Miley's school shows up in her in-box, Miley decides to play matchmaker with Oliver. | ||
| 521 | 8 |
_a680
_bLexile estimate |
|
| 521 | 8 |
_aR
_bRaz-Plus |
|
| 650 |
_aDisney Books _vHannah Montana |
||
| 942 |
_2ddc _cBK _n0 |
||
| 999 |
_c8825 _d8825 |
||